La isla de Chiloé capitana de rutas australes
Guardado en:
| Autor principal: | |
|---|---|
| Formato: | Libro |
| Lenguaje: | español |
| Publicado: |
Santiago, Chile
Academia Superior de Ciencias Pedagógicas de Santiago
1982
|
| Materias: | |
| Etiquetas: |
Agregar Etiqueta
Sin Etiquetas, Sea el primero en etiquetar este registro!
|
MARC
| LEADER | 00000nam a2200000 a 4500 | ||
|---|---|---|---|
| 001 | UCO2586 | ||
| 003 | CL-VaPUC | ||
| 005 | 20220802132310.0 | ||
| 008 | 000608e19820000CL |||||||||||||||||spa|d | ||
| 999 | |c 289091 |d 289089 | ||
| 040 | |c Pontificia Universidad Católica de Valparaíso | ||
| 082 | 0 | 4 | |a 983.56 HAN 1982 |2 21 |
| 100 | |a Hanisch Espíndola, Walter |e autor |9 444650 | ||
| 245 | 1 | 3 | |a La isla de Chiloé capitana de rutas australes |
| 260 | |a Santiago, Chile |b Academia Superior de Ciencias Pedagógicas de Santiago |c 1982 | ||
| 300 | |a 266 páginas | ||
| 583 | |a last modification |c 20000608 00:00:00 |k Rodrigo Vera | ||
| 650 | 0 | |a Ciudades |z CHILOE |z CHILE |9 265474 | |
| 650 | 0 | |a Historia |z CHILOE |z CHILE |9 255047 | |
| 852 | |a BIBCUR | ||
| 942 | |c BK |2 ddc | ||
| 945 | |d 20000608 00:00:00 |a crobeson | ||
| 952 | |0 0 |1 0 |2 ddc |4 0 |6 983_560000000000000_HAN_1982 |7 0 |8 A |9 337242 |a BIBHIS |b BIBHIS |d 2019-11-20 |i 1293028 |o 983.56 HAN 1982 |p 1293028 |r 2025-01-20 |t 1 |w 2019-11-20 |y BK |k HIS | ||